000 00872nmm a2200277 a 4500
001 ocm0001732466
003 TR-IsHL
005 20201028171113.0
008 180219s2017 tu tur
007 cr cn
020 _a9786052259078
035 _a1732466
_b(N$T)
050 0 4 _aPL248.B47
_bB87 2017
090 0 4 _aPL248.B47
_bB87 2017
100 1 _aBeşik, Halit Fuat
245 1 0 _aBurhan Bey
_h[electronic resource] /
_cHalit Fuat Beşik
250 _aBirinci basım
260 _aİstanbul :
_be-Kitap Projesi & Cheapest Books,
_c2017
300 _a330 p.
650 4 _aDil ve Edebiyat
650 4 _aLanguage and Literature
650 0 _aTürk romanı
650 0 _aTurkish fiction
650 7 _aLITERARY COLLECTIONS / Middle Eastern
_2bisacsh
856 4 0 _uhttp://search.ebscohost.com/login.aspx?direct=true&scope=site&db=e011xww&AN=1732466
999 _c16617
_d16617